Mecánica de sólidos
שמור ב:
| Main Authors: | , |
|---|---|
| פורמט: | ספר |
| שפה: | ספרדית |
| יצא לאור: |
Ciudad de México
Pearson Educación
2000
|
| מהדורה: | 2a. ed |
| נושאים: | |
| תגים: |
הוספת תג
אין תגיות, היה/י הראשונ/ה לתייג את הרשומה!
|
MARC
| LEADER | 00000nam a2200000 a 4500 | ||
|---|---|---|---|
| 001 | UCN3672 | ||
| 003 | CL-VaPUC | ||
| 008 | 010706e20000000MX |||||||||||||||||spa|d | ||
| 020 | |a 9701703987 | ||
| 082 | 0 | 4 | |a 620.112 |b POP |2 21 |
| 100 | 0 | |a Popov, Egor Paul |e author |9 460256 | |
| 700 | 0 | |a Balan, Toader A |e author |9 460257 | |
| 245 | 1 | 0 | |a Mecánica de sólidos |
| 250 | |a 2a. ed | ||
| 300 | |a 864 p | ||
| 942 | |c BK | ||
| 945 | |d 20010706 00:00:00 |a vberengu | ||
| 260 | |a Ciudad de México |b Pearson Educación |c 2000 | ||
| 650 | 0 | |a Sólidos |9 260188 | |
| 650 | 7 | |a ESFUERZO - MECANICA |2 CL-VaPUC |9 361207 | |
| 650 | 7 | |a MECANICA DE LOS SOLIDOS |2 CL-VaPUC |9 460258 | |
| 650 | 7 | |a DEFORMACION |2 CL-VaPUC |9 320093 | |
| 650 | 0 | |a Torsión |9 266757 | |
| 650 | 0 | |a Vigas |9 363949 | |
| 583 | |a last modification |c 20010706 00:00:00 |k Rodrigo Vera | ||
| 999 | |c 296460 |d 296458 | ||
| 952 | |0 0 |1 0 |4 0 |6 620_112000000000000_POP_2000 |7 0 |8 A |9 350239 |a BIBMEC |b BIBMEC |d 2019-11-20 |i 3737896 |o 620.112 POP 2000 |p 3737896 |r 2019-11-20 |w 2019-11-20 |y BK |k MEC | ||
| 952 | |0 0 |1 0 |4 0 |6 620_112000000000000_POP_2000 |7 0 |8 P |9 350240 |a BIBARQ |b BIBARQ |d 2019-11-20 |i 3816753 |o 620.112 POP 2000 |p 3816753 |r 2025-01-20 |w 2019-11-20 |y BK |k ARQ | ||
| 952 | |0 0 |1 0 |4 0 |6 620_112000000000000_POP_2000 |7 0 |8 P |9 350241 |a BIBARQ |b BIBARQ |d 2019-11-20 |i 3816761 |o 620.112 POP 2000 |p 3816761 |r 2025-01-20 |w 2019-11-20 |y BK |k ARQ | ||
| 952 | |0 0 |1 0 |4 0 |6 620_112000000000000_POP_2000 |7 0 |8 A |9 350242 |a BIBMEC |b BIBMEC |d 2019-11-20 |i 4129121 |o 620.112 POP 2000 |p 4129121 |r 2024-01-19 |w 2019-11-20 |y BK |k MEC | ||
| 952 | |0 0 |1 0 |4 0 |6 620_112000000000000_POP_2000 |7 0 |8 A |9 350243 |a BIBMEC |b BIBMEC |d 2019-11-20 |i 412913K |o 620.112 POP 2000 |p 412913K |r 2019-11-20 |w 2019-11-20 |y BK |k MEC | ||
| 952 | |0 0 |1 0 |4 0 |6 620_112000000000000_POP_2000 |7 0 |8 A |9 350244 |a BIBING |b BIBING |d 2019-11-20 |i 4209125 |l 3 |o 620.112 POP 2000 |p 4209125 |r 2025-01-20 |s 2024-04-16 |w 2019-11-20 |y BK |k CIC | ||
| 952 | |0 0 |1 0 |4 0 |6 620_112000000000000_POP_2000 |7 0 |8 A |9 350245 |a BIBMEC |b BIBMEC |d 2019-11-20 |i 4298365 |o 620.112 POP 2000 |p 4298365 |r 2024-01-19 |w 2019-11-20 |y BK |k MEC | ||
| 952 | |0 0 |1 0 |4 0 |6 620_112000000000000_POP_2000 |7 0 |8 A |9 350246 |a BIBING |b BIBING |d 2019-11-20 |i 4293495 |l 3 |o 620.112 POP 2000 |p 4293495 |r 2025-01-20 |s 2024-04-16 |w 2019-11-20 |y BK |k CIC | ||
| 952 | |0 0 |1 0 |4 0 |6 620_112000000000000_POP_2000 |7 0 |8 A |9 350247 |a BIBING |b BIBING |d 2019-11-20 |i 4293509 |l 2 |m 1 |o 620.112 POP 2000 |p 4293509 |r 2025-01-20 |s 2024-04-16 |w 2019-11-20 |y BK |k CIC | ||
| 952 | |0 0 |1 0 |4 0 |6 620_112000000000000_POP_2000 |7 0 |8 A |9 350248 |a BIBMEC |b BIBMEC |d 2019-11-20 |i 448004K |o 620.112 POP 2000 |p 448004K |r 2024-01-19 |w 2019-11-20 |y BK |k MEC | ||
| 952 | |0 0 |1 0 |4 0 |6 620_112000000000000_POP_2000 |7 0 |8 A |9 350249 |a BIBING |b BIBING |d 2019-11-20 |i 4660692 |l 9 |m 2 |o 620.112 POP 2000 |p 4660692 |r 2025-01-20 |s 2024-04-10 |w 2019-11-20 |y BK |k CCL | ||